Naturaleza jurídica del permiso y de la concesión sobre Bienes Nacionales de Uso Público

Zapisane w:
Opis bibliograficzny
1. autor: Reyes Riveros, Jorge (Autor)
Format: Książka
Język:hiszpański
Wydane: Santiago Jurídica de Chile 1960
Seria:Seminario de Derecho Público, 5
Hasła przedmiotowe:
Etykiety: Dodaj etykietę
Nie ma etykietki, Dołącz pierwszą etykiete!

MARC

LEADER 00000nam a2200000 a 4500
001 UCS0348
003 CL-VaPUC
008 970418e19600000CL |||||||||||||||||spa|d
082 0 4 |a 346.04  |b REY  |2 21 
100 0 |a Reyes Riveros, Jorge  |e author  |9 383688 
245 1 0 |a Naturaleza jurídica del permiso y de la concesión sobre Bienes Nacionales de Uso Público 
300 |a 364 p 
942 |c BK 
945 |d 19970418 00:00:00  |a lriquelm 
260 |a Santiago  |b Jurídica de Chile  |c 1960 
650 7 |a CONCESIONES  |2 CL-VaPUC  |9 259108 
650 7 |a CONCESION DE SERVICIO PUBLICO  |2 CL-VaPUC  |9 383689 
650 0 |a Bienes nacionales de uso público  |9 383690 
650 0 |a Actos administrativos   |9 256128 
650 7 |a OCUPACION  |2 CL-VaPUC  |9 371818 
651 7 |a CHILE  |2 CL-VaPUC  |9 383691 
583 |a last modification  |c 19970418 00:00:00  |k Rodrigo Vera 
490 0 |a Seminario de Derecho Público, 5 
999 |c 258580  |d 258578 
952 |0 0  |1 0  |4 0  |6 346_040000000000000_REY_1960  |7 0  |8 A  |9 282784  |a BIBDER  |b BIBDER  |d 2019-11-19  |i 1834363  |o 346.04 REY 1960  |p 1834363  |r 2023-01-25  |w 2019-11-19  |y BK  |k DER 
952 |0 0  |1 0  |4 0  |6 346_040000000000000_REY_1960  |7 0  |8 A  |9 282786  |a BIBDER  |b BIBDER  |d 2019-11-19  |i 412264K  |o 346.04 REY 1960  |p 412264K  |r 2023-01-25  |w 2019-11-19  |y BK  |k DER